| 000 -LEADER |
| fixed length control field |
01182cam a22002897i 4500 |
| 003 - CONTROL NUMBER IDENTIFIER |
| control field |
OSt |
| 005 - DATE AND TIME OF LATEST TRANSACTION |
| control field |
20200317141303.0 |
| 008 - FIXED-LENGTH DATA ELEMENTS--GENERAL INFORMATION |
| fixed length control field |
190110s2014 xxuab b 000 e eng d |
| 020 ## - INTERNATIONAL STANDARD BOOK NUMBER |
| International Standard Book Number |
9781941806456 (pbk.) |
| 040 ## - CATALOGING SOURCE |
| Original cataloging agency |
BTCTA |
| Language of cataloging |
eng |
| Transcribing agency |
BTCTA |
| Description conventions |
rda |
| Modifying agency |
YDXCP |
| -- |
PAU |
| -- |
OCLCF |
| -- |
EYM |
| -- |
BDX |
| -- |
CNGUL |
| -- |
OCLCQ |
| -- |
UKMGB |
| -- |
DLC |
| 082 04 - DEWEY DECIMAL CLASSIFICATION NUMBER |
| Classification number |
712 |
| Edition number |
23 |
| Item number |
CAR |
| 245 00 - TITLE STATEMENT |
| Title |
Landscapes of [sub]stance. |
| 246 3# - VARYING FORM OF TITLE |
| Title proper/short title |
Landscape of substance |
| 250 ## - EDITION STATEMENT |
| Edition statement |
First edition. |
| 300 ## - PHYSICAL DESCRIPTION |
| Extent |
123 pages : |
| Other physical details |
illustrations (some color), maps (some color) ; |
| Dimensions |
27 cm |
| 500 ## - GENERAL NOTE |
| General note |
"Edited, designed, and produced by Landscape Architecture and Regional Planning students at the University of Pennsylvania School of Design." |
| 500 ## - GENERAL NOTE |
| General note |
Monograph. Originally conceived as the first issue in an annual series entitled: [Sub]stance journal. |
| 504 ## - BIBLIOGRAPHY, ETC. NOTE |
| Bibliography, etc |
Includes bibliographical references. |
| 650 #0 - SUBJECT ADDED ENTRY--TOPICAL TERM |
| Topical term or geographic name as entry element |
Landscape architecture. |
| 650 #0 - SUBJECT ADDED ENTRY--TOPICAL TERM |
| Topical term or geographic name as entry element |
Regional planning. |
| 650 #7 - SUBJECT ADDED ENTRY--TOPICAL TERM |
| Topical term or geographic name as entry element |
Landscape architecture. |
| Source of heading or term |
cct |
| 650 #7 - SUBJECT ADDED ENTRY--TOPICAL TERM |
| Topical term or geographic name as entry element |
Regional planning. |
| Source of heading or term |
cct |
| 650 #7 - SUBJECT ADDED ENTRY--TOPICAL TERM |
| Topical term or geographic name as entry element |
Landscape architecture. |
| Source of heading or term |
fast |
| 650 #7 - SUBJECT ADDED ENTRY--TOPICAL TERM |
| Topical term or geographic name as entry element |
Regional planning. |
| Source of heading or term |
fast |
| 710 2# - ADDED ENTRY--CORPORATE NAME |
| Corporate name or jurisdiction name as entry element |
University of Pennsylvania. |
| Subordinate unit |
School of Design, |
| Relator term |
issuing body. |
| 942 ## - ADDED ENTRY ELEMENTS (KOHA) |
| Source of classification or shelving scheme |
|